| 000 | 01029nmc a2200373 a 4500 | ||
|---|---|---|---|
| 003 | AR-BaBNM | ||
| 005 | 20251128204324.0 | ||
| 008 | 207119s1992 ||||||||||||||000 | spa|| | ||
| 020 | _a950-582-322-3 | ||
| 040 | _cAR-BaBNM | ||
| 100 | 1 | _aPavía, Víctor Alberto | |
| 245 | 1 | 0 | _aAdolescencia, grupo y tiempo libre |
| 260 |
_aBuenos Aires _bHumanitas _c1992 |
||
| 300 | 0 |
_a157 p. _bil., gráfs. |
|
| 490 | 0 | _aDesarrollo social | |
| 650 | 4 | _aACTIVIDADES EN GRUPO | |
| 650 | 4 | _aDINAMICA DE GRUPO | |
| 650 | 4 | _aACTIVIDADES RECREATIVAS | |
| 650 | 4 | _aSOCIOLOGIA DE LA EDUCACION | |
| 650 | 4 | _aJUEGOS INFANTILES | |
| 650 | 4 | _aJUEGOS EDUCATIVOS | |
| 650 | 4 | _aVACACIONES | |
| 650 | 4 | _aLIDERAZGO | |
| 650 | 4 | _aACTIVIDADES FUERA DE PROGRAMA | |
| 650 | 4 | _aADOLESCENTES | |
| 650 | 4 | _aCONDUCTA DEL GRUPO | |
| 650 | 4 | _aTIEMPO LIBRE | |
| 653 | 0 | _aCAMPAMENTOS EDUCATIVOS | |
| 700 | 1 | _aGerlero, Julia | |
| 700 | 1 | _aApendino, Jorge | |
| 800 | 1 |
_aSierra de Villaverde, Sela _edirector |
|
| 942 | _cBK | ||
| 998 | _cSILVI | ||
| 999 |
_c7015 _d7015 |
||